000 00473cam a2200181 4500
001 D8613
008 090401t1983 xxu||||| |||| 00| 0 eng d
035 _a(Sirsi) u14122
041 _aeng
050 _a690.23
100 _aSeeley, Ivor Hugh
245 _aBuilding economics: appraisal and control of building design cost and efficiency
260 _aLondon
_bMacMillan Press
_c1983
300 _axiv. 304p. 26cm
350 _a20
942 _n0
948 _c04/03/1997
999 _c87146
_d87146